• 首页
  • 本馆介绍
  • 公告通知
  • 最新文献
  • 馆藏检索
  • 电子资源
  • 读者导购
  • 参考咨询
  • 我的图书馆
  • 登录
  • 详细信息显示
  • 放入我的书架
  • 预约/预借图书
  • 作者相关作品
  • 分类相关作品
  • 丛书相关作品
  • 出版社相关作品

书目信息

  • 表格格式
  • 工作单格式
  • 卡片格式
题名:
墨子通释
    
 
作者: 墨子 著 ;贾太宏 主编
分册:  
出版信息: 北京   西苑出版社  2016
页数: 444页
开本: 23cm
丛书名: 传统经典系列丛书
单 册:
中图分类: B224.2 , B224.4
科图分类:
主题词: 墨家--mo jia
电子资源:
ISBN: 978-7-5151-0525-3
000 01113nam0 22003131 450
001 0118172352
005 20170619152329.21
010    @a978-7-5151-0525-3@b精装@dCNY46.00
100    @a20161018d2016 em y0chiy50 ea
101 0  @achi
102    @aCN@b110000
105    @ay z 000yy
106    @ar
200 1  @a墨子通释@Amo zi tong shi@f(战国)墨翟著@g贾太宏主编
210    @a北京@c西苑出版社@d2016
215    @a444页@d23cm
225 2  @a传统经典系列丛书@Achuan tong jing dian xi lie cong shu@f贾太宏主编
300    @a足本原著无障碍阅读
330    @a《墨子》是春秋末期战国初期墨子和其学生完成一部百科学著作,全书五十三篇,内容涵盖了人文、政治、军事、科技、逻辑等学科。本书以白话文和现代人的理解习惯来解读《墨子》,使读者能畅读这部经典古著。
461  0 @12001 @a传统经典系列丛书
605    @a《墨子》@Amo zi@x注释
605    @a《墨子》@Amo zi@x译文
606 0  @a墨家@Amo jia
690    @aB224.2@v5
690    @aB224.4@v5
701  0 @c(战国)@a墨子@Amo zi@f(前476?~前390)@4著
702  0 @a贾太宏@Ajia tai hong@4主编
801  0 @aCN@bTANGWEI@c20170615
905    @b1009635-40@dB224.2@e610@f6
    
    墨子通释/(战国)墨翟著/贾太宏主编.-北京:西苑出版社,2016
    444页;23cm.-(传统经典系列丛书/贾太宏主编)
    足本原著无障碍阅读
    
    ISBN 978-7-5151-0525-3(精装):CNY46.00
    《墨子》是春秋末期战国初期墨子和其学生完成一部百科学著作,全书五十三篇,内容涵盖了人文、政治、军事、科技、逻辑等学科。本书以白话文和现代人的理解习惯来解读《墨子》,使读者能畅读这部经典古著。
●
相关链接 在E读中查询图书 在五车中查询图书 在当当中查询图书 在豆瓣中查询图书


正题名:墨子通释     索取号:B224.2/610         预约/预借

序号 登录号 条形码 馆藏地/架位号 状态 备注
1 1009635   210096359   第一样本阅览室/ [索取号:B224.2/610] 在馆    
2 1009636   210096368   教育系资料室/ [索取号:B224.2/610] 在馆    
3 1009637   210096377   教育系资料室/ [索取号:B224.2/610] 在馆    
4 1009638   210096386   教育系资料室/ [索取号:B224.2/610] 在馆    
5 1009639   210096395   第一借阅区/ [索取号:B224.2/610] 在馆    
6 1009640   210096402   第一借阅区/ [索取号:B224.2/610] 在馆    
唐山师范学院图书馆 欢迎您!
大连网信软件有限公司© 版权所有